| 000 | 01639cam a22003254a 4500 | ||
|---|---|---|---|
| 001 | 12809596 | ||
| 003 | DO-SdBPM | ||
| 005 | 20250507135351.0 | ||
| 008 | 020506s1999 sp a 000 0dspa | ||
| 020 | _a8423997197 | ||
| 040 |
_aDO-SdBPM _bspa _cBPMSU _d _e |
||
| 082 | 4 |
_a946.083 _bH673e 1999 _222 |
|
| 245 | 0 | 0 |
_aHistoria de de España : _b baja edad media / _cFeliciano Montero ... [y otros] |
| 260 |
_aMadrid : _bEspasa, _c1999 |
||
| 300 |
_av. ; _c27 cm. _b |
||
| 505 | 0 | _av.6 : La España del siglo XVII : Los Austrias Menores, política y cultura en la edad moderna -- v. 7 : La España de la ilustración : Los Borbones y el Siglo XVIII -- v. 8 : La España de Fernando VII : La crisis del antiguo régimen (1808-1833) -- v.9 : La era de los navegantes viajes y descubrimientos -- v.10 : Restauración y regencia : La España canovista (1875-1902) -- v. 14 : La España de Juan Carlos I : Transición y democracia (1975-1999) -- v. 11 : Dos mundos frente a frente, la conquista de América -- v. 12 : República y guerra civil : La crisis de la España contempránea (1931-1939). | |
| 590 | _aInventariado, 2025/VM | ||
| 651 | 4 |
_aEspaña _xHistoria _yXVII |
|
| 651 | 4 |
_aEspaña _xCivilización _ySiglo XVII |
|
| 700 | 1 |
_aCarr, Raymond _eautor |
|
| 700 | 1 |
_aFusi, Juan Pablo _eautro |
|
| 700 | 1 |
_a Palafox, Jordi _eautor |
|
| 700 | 1 |
_aMontero, Feliciano _eautor |
|
| 700 | 1 |
_aMartínez de Velazco, Ángel _eautor |
|
| 700 | 1 |
_aFernanández Díaz, Roberto _eautor |
|
| 700 | 1 |
_aRicardo, Martín _edirector de la obra |
|
| 710 | 2 | _aSalvat | |
| 910 | _aVMateo V. Control de calidad. BPMSU | ||
| 942 |
_2ddc _cBK |
||
| 999 |
_c15042 _d15042 |
||